<?xml version="1.0" encoding="UTF-8"?>
<record
    xmlns:xsi="http://www.w3.org/2001/XMLSchema-instance"
    xsi:schemaLocation="http://www.loc.gov/MARC21/slim http://www.loc.gov/standards/marcxml/schema/MARC21slim.xsd"
    xmlns="http://www.loc.gov/MARC21/slim">

  <leader>01174    a2200169   4500</leader>
  <controlfield tag="003">Nust</controlfield>
  <controlfield tag="005">20221128121333.0</controlfield>
  <datafield tag="040" ind1=" " ind2=" ">
    <subfield code="c">Nust</subfield>
  </datafield>
  <datafield tag="082" ind1=" " ind2=" ">
    <subfield code="a">530,ODA</subfield>
  </datafield>
  <datafield tag="100" ind1=" " ind2=" ">
    <subfield code="a">Edward F o'Day</subfield>
    <subfield code="9">103671</subfield>
  </datafield>
  <datafield tag="245" ind1=" " ind2=" ">
    <subfield code="a">Physical Quantities and Units</subfield>
    <subfield code="b">A  Self -Instructional programmed Manul / </subfield>
    <subfield code="c">Edward F.o'Day</subfield>
  </datafield>
  <datafield tag="260" ind1=" " ind2=" ">
    <subfield code="a">New Jersey</subfield>
    <subfield code="b">Printice Hall  Inc</subfield>
    <subfield code="c">1967</subfield>
  </datafield>
  <datafield tag="300" ind1=" " ind2=" ">
    <subfield code="a">352:p</subfield>
  </datafield>
  <datafield tag="505" ind1=" " ind2=" ">
    <subfield code="a">An introduction to the Physical Quantities (Page-7), Quantitative Essentials (Page-29), Average and Instantaneous (Page-49) Newton&#x2019;s Second Law, and What to do about it (Page-71), The English Absolute and Metric-Gravitational Systems (Page-89), Comparing the Metric to the fps the Metric Prefixes (Page-109), Length Area and Volume (Page-121), Time, Velocity and Acceleration (Page-135), Mass Force and Weight (Page-143), Density and specific Volume (Page-153), Pressure (Page-169), Temperature (Page-183), Work (Page-215), Energy (Page-233), Heat (Page-249), Power (Page-267), Momentum and Impulse (Page-275), Review and Consolidation I (Page-287), Review and Consolidation II (Page-299), Review and Consolidation III (Page-311).</subfield>
  </datafield>
  <datafield tag="650" ind1=" " ind2=" ">
    <subfield code="a">Physics</subfield>
  </datafield>
  <datafield tag="942" ind1=" " ind2=" ">
    <subfield code="2">ddc</subfield>
    <subfield code="c">BK</subfield>
    <subfield code="k">530,ODA</subfield>
  </datafield>
  <datafield tag="999" ind1=" " ind2=" ">
    <subfield code="c">180542</subfield>
    <subfield code="d">180542</subfield>
  </datafield>
  <datafield tag="952" ind1=" " ind2=" ">
    <subfield code="0">0</subfield>
    <subfield code="1">0</subfield>
    <subfield code="2">ddc</subfield>
    <subfield code="4">0</subfield>
    <subfield code="7">0</subfield>
    <subfield code="a">MCS</subfield>
    <subfield code="b">MCS</subfield>
    <subfield code="c">GEN</subfield>
    <subfield code="d">2016-12-12</subfield>
    <subfield code="o">530,ODA</subfield>
    <subfield code="p">MCS6341</subfield>
    <subfield code="r">2016-12-08</subfield>
    <subfield code="w">2016-12-12</subfield>
    <subfield code="y">BK</subfield>
    <subfield code="z">Almirah No.15, Shelf No.4</subfield>
  </datafield>
</record>
